Antologia da poesia concreta em Portugal (Registo nº 200670)

Detalhes MARC
000 -Etiqueta do registo
Valores 00781nam 22002173 4500
100 ## - Dados gerais de processamento
Dados gerais 20260220d u||y0pory50 ba
200 ## - Titulo e menção de responsabilidade
Título próprio Antologia da poesia concreta em Portugal
Primeira menção de responsabilidade Organização de José Alberto , E. M. de Melo e Castro
210 ## - Publicação
Local de publicação Lisboa
Nome do editor Assírio & Alvim
Data de publicação 1973
215 ## - Descrição física 
Paginação / Volumes 163, [4] p.
Outras indicações físicas il. ; brochado
Dimensões 20 cm
225 ## - Colecção 
Título próprio da colecção Documenta Poética
Indicação de volume 2
317 ## - Nota de proveniência
Texto da nota . - Oferta com dedicatória de E. M. de Melo e Castro para O Dr. Prof. Almeida Faria
606 ## - Nome comum usado como assunto
ID Autoridade 23
Palavra de ordem Literatura Portuguesa
Subdivisão assunto Poesia
675 ## - CDU
Notação 821.134.3-1"19"
Edição PT
Língua por
675 ## - CDU
Notação 7.038.5(=1:469)"19"
Edição PT
Língua por
702 ## - Autor secundário (pessoa individual)
ID Autoridade 16434
Apelido Marques
Nome José Alberto
702 ## - Autor secundário (pessoa individual)
ID Autoridade 16435
Apelido Castro
Nome E. M. de Melo e
801 ## - Fonte de origem
País PT
Agência BMMN
Regras de catalogação RPC
830 ## - Notas gerais do catalogador
Criado por Ana
Indexado por Ana
990 ## - Elementos KOHA
Tipo de documento Livro
Exemplares
Situação do levantamento Biblioteca de origem Código de barras Cota Permissão de empréstimo Tipo de documento Nota relativa ao exemplar Forma de aquisição
  Biblioteca Municipal de Montemor-o-Novo 29898 821.134.3-1 ANT|SAF   Livro Acesso condicionado Oferta

Powered by Koha